000
00315nam a2200145Ia 4500
100
_a
Mitra/Barun K
942
_c
BK
366
_f
20
245
_a
Effective technical Communication
260
_b
Oxford university press
_c
2006
082
_a
372.6
_b
MIT
300
_a
222
546
_a
ENGLISH
_c
TTL
999
_c
32164
_d
32164